000 01877nam a2200301 a 4500
999 _c489999
_d489999
003 BLK
005 20230617110529.0
008 230323b bu de||fr|||| 00| | bu d
020 _a9786192451103
040 _aBLK
041 _aBUL
_cBUL
080 _aБългария през Втората световна война (1939-1944)
_b94(497.2)"1939/1944"
_z94(497.2)"1939/1944"
080 _aОбща организация на въоръженните сили. Войска и флота - Подразделение в различните родове войски (армии, дивизии, полкове, ескадри и др. )Чинове и длъжности на военнослужещите и др.
_b355.3
_z355.3(497.2)"1939/1945"
100 _9292042
_aНедялков, Димитър Илиев
_eпърви автор
139 _aНедялков, Димитър Илиев
_bН 46
245 _aБългарската армия и спасяването на българските евреи 1941-1944
_cДимитър Недялков
260 _9209388
_aСофия
_bАкад. изд. Проф. Марин Дринов
_c2021
_f([София] : Военно-геогр. служба)
_n978-954-322- ; 954-430-
300 _a256 с.
_bс ил., портр.
_c24 см
380 _a9
500 _aАко днес съм жив и мога да пиша тези редове... / Рахамим Коен: с. 5-6. - Биогр. данни за авт. отбелязани на кор.
650 0 _9328570
_aЕврейски въпрос - България
650 0 _9276224
_aВтора световна война - история
650 0 _9257236
_aВъоръжени сили - България - история
856 _i0.00
_ldisable
942 _cKNG
_n0
_s1
_01
944 _aCR
_c2023-03-23
_kД
999 _d489999